01501nam a2200349Ia 4500001001200000003000800012006001900020007001500039008004100054010001700095020001800112020001800130020003300148040002100181035002100202050002600223100002900249245012100278260005500399300002400454490004500478504006400523533015200587650006100739650004400800650006800844651004700912655002900959710001700988830002001005856012601025ebr10371906CaPaEBRm u cr cn|||||||||030606s2004 miua sb s001 0 eng d z 2003012932 z9780472025961 z9780472068418 z0472098411 (acid-free paper) aCaPaEBRcCaPaEBR a(OCoLC)30083985614aPR468.P35bS76 2004eb1 aStoddard Holmes, Martha.10aFictions of afflictionh[electronic resource] :bphysical disability in Victorian culture /cMartha Stoddard Holmes. aAnn Arbor :bUniversity of Michigan Press,cc2004. axiv, 228 p. :bill.1 aCorporealities :discourses of disability aIncludes bibliographical references (p. 211-221) and index. aElectronic reproduction.bPalo Alto, Calif. :cebrary,d2010.nAvailable via World Wide Web.nAccess may be limited to ebrary affiliated libraries. 0aEnglish literaturey19th centuryxHistory and criticism. 0aPeople with disabilities in literature. 0aPeople with disabilitieszGreat BritainxHistoryy19th century. 0aGreat BritainxCivilizationy19th century. 7aElectronic books.2local2 aebrary, Inc. 0aCorporealities.40uhttp://site.ebrary.com/lib/rucke/Doc?id=10371906zAn electronic book accessible through the World Wide Web; click to view